La renovación de la Iglesia: textos escogidos
Sparad:
| Huvudupphovsman: | |
|---|---|
| Materialtyp: | Bok |
| Språk: | spanska |
| Publicerad: |
Santiago
Patris S. A
2004
|
| Upplaga: | 1a. ed |
| Serie: | Riquezas de Nuestra Fe, 8
|
| Ämnen: | |
| Taggar: |
Lägg till en tagg
Inga taggar, Lägg till första taggen!
|
MARC
| LEADER | 00000cam a2200000 a 4500 | ||
|---|---|---|---|
| 001 | UCE8045 | ||
| 003 | CL-VaPUC | ||
| 008 | 150728e20040000cl |||||||||||||||||spa|d | ||
| 020 | |a 9562462773 | ||
| 082 | 0 | 4 | |a 270.6 |b KEN |2 21 |
| 100 | |a Kentenich, José |e author |9 393339 | ||
| 245 | 1 | 3 | |a La renovación de la Iglesia: textos escogidos |
| 250 | |a 1a. ed | ||
| 300 | |a 122 p | ||
| 942 | |c BK | ||
| 945 | |d 20150728 02:04:00 |a dcastane | ||
| 260 | |a Santiago |b Patris S. A |c 2004 | ||
| 650 | 0 | |a Humanismo cristiano |9 257489 | |
| 650 | 7 | |a REFORMA RELIGIOSA |2 CL-VaPUC |9 257490 | |
| 583 | |a last modification |c 20150728 02:04:00 |k Rodrigo Vera | ||
| 490 | 0 | |a Riquezas de Nuestra Fe, 8 | |
| 999 | |c 360001 |d 359999 | ||
| 952 | |0 0 |1 0 |3 erb |4 0 |6 270_600000000000000_KEN_2004 |7 0 |8 A |9 469626 |a BIBTEO |b BIBTEO |e Villagrán Garnham, Jorge |i 5186129 |o 270.6 KEN 2004 |p 5186129 |r 2025-01-17 |w 2019-11-23 |y BK |z Catalogado en:20150728 |k ICR | ||